[Event "Ruhrgebiet VK2 0910"]
[Site "Ruhrgebiet"]
[Date "2010.04.18"]
[Round "9.5"]
[White "Kueper, Peter"]
[Black "Wilke, Michael"]
[Result "1-0"]
[WhiteElo "1909"]
[BlackElo "1732"]
[PlyCount "33"]
[EventDate "2009.09.06"]
[EventType "team"]
[EventRounds "9"]
[EventCountry "GER"]
[SourceTitle "EXT 2011"]
[Source "ChessBase"]
[SourceDate "2010.11.26"]
[SourceVersion "1"]
[SourceVersionDate "2010.11.26"]
[SourceQuality "1"]
[WhiteTeam "Kirchhellen SF"]
[BlackTeam "Germania Kupferdreh"]
[WhiteTeamCountry "GER"]
[BlackTeamCountry "GER"]

1. e4 c6 2. d4 d5 3. exd5 cxd5 4. c4 e6 5. Nf3 Nf6 6. Bg5 Be7 7. Nc3 0-0 8. c5 b6 9. b4 bxc5 10. dxc5 Nc6 11. a3 Qc7 12. Bd3 Ne5 13. 0-0 Nxf3+ 14. Qxf3 Bb7 15. Qh3 g6 16. Qh4 Rfe8 17. Bxf6 1-0

[Event "Ruhrgebiet VK2 0910"]
[Site "Ruhrgebiet"]
[Date "2010.02.21"]
[Round "7.6"]
[White "Wilke, Michael"]
[Black "Lenz, Helmut"]
[Result "0-1"]
[WhiteElo "1732"]
[BlackElo "1967"]
[PlyCount "80"]
[EventDate "2009.09.06"]
[EventType "team"]
[EventRounds "9"]
[EventCountry "GER"]
[SourceTitle "EXT 2011"]
[Source "ChessBase"]
[SourceDate "2010.11.26"]
[SourceVersion "1"]
[SourceVersionDate "2010.11.26"]
[SourceQuality "1"]
[WhiteTeam "Germania Kupferdreh"]
[BlackTeam "Eichlinghofen SV II"]
[WhiteTeamCountry "GER"]
[BlackTeamCountry "GER"]

1. d4 d5 2. c4 c6 3. Nc3 e6 4. Nf3 f5 5. g3 Nf6 6. Bg2 Bd6 7. Qc2 0-0 8. Bg5 dxc4 9. e4 fxe4 10. Nxe4 Bb4+ 11. Nc3 h6 12. Be3 Nd5 13. 0-0 Bxc3 14. bxc3 Qe8 15. Ne5 b5 16. Be4 Nf6 17. Bg6 Qd8 18. Qd2 Qc7 19. Bf4 Nd5 20. Qc2 Nxf4 21. gxf4 Rf6 22. Rae1 Bb7 23. Bh7+ Kh8 24. Re3 Na6 25. Be4 c5 26. Rfe1 cxd4 27. cxd4 Nb4 28. Qd2 Nd5 29. Rf3 c3 30. Qc1 b4 31. Bb1 Ne7 32. Qc2 Nf5 33. Rg3 Rd8 34. Qb3 Nxd4 35. Qa4 c2 36. Bxc2 Qxc2 37. Qxb4 Ne2+ 38. Kf1 Nxg3+ 39. hxg3 Rdf8 40. Ng6+ Qxg6 0-1

[Event "Goch op 18th"]
[Site "Goch"]
[Date "2007.10.05"]
[Round "2"]
[White "Wilke, Michael"]
[Black "Kraft, Ingo"]
[Result "0-1"]
[WhiteElo "1807"]
[BlackElo "1451"]
[PlyCount "52"]
[EventDate "2007.10.04"]
[EventType "swiss"]
[EventRounds "7"]
[EventCountry "GER"]
[SourceTitle "EXT 2011"]
[Source "ChessBase"]
[SourceDate "2010.11.26"]
[SourceVersion "1"]
[SourceVersionDate "2010.11.26"]
[SourceQuality "1"]

1. d4 f5 2. c4 Nf6 3. Nc3 g6 4. g3 Bg7 5. Bg2 c6 6. Nh3 0-0 7. 0-0 d6 8. Nf4 e5 9. Nd3 exd4 10. Na4 Qe7 11. b4 Be6 12. Qc2 Nbd7 13. Bf4 Ne4 14. c5 g5 15. Bc1 h6 16. f4 g4 17. cxd6 Qxd6 18. Bb2 Rac8 19. Nac5 Ndxc5 20. bxc5 Qc7 21. Rfd1 Rcd8 22. e3 dxe3 23. Ne5 Rxd1+ 24. Rxd1 Rd8 25. Bxe4 Rxd1+ 26. Qxd1 fxe4 0-1

[Event "Goch op 18th"]
[Site "Goch"]
[Date "2007.10.04"]
[Round "1"]
[White "Thiel, Kuno"]
[Black "Wilke, Michael"]
[Result "1-0"]
[WhiteElo "2243"]
[BlackElo "1807"]
[PlyCount "41"]
[EventDate "2007.10.04"]
[EventType "swiss"]
[EventRounds "7"]
[EventCountry "GER"]
[SourceTitle "EXT 2011"]
[Source "ChessBase"]
[SourceDate "2010.11.26"]
[SourceVersion "1"]
[SourceVersionDate "2010.11.26"]
[SourceQuality "1"]

1. Nf3 d5 2. d4 Nf6 3. c4 c6 4. Nc3 Bf5 5. cxd5 cxd5 6. Qb3 b6 7. Bg5 e6 8. e4 dxe4 9. Bb5+ Nbd7 10. Ne5 Be7 11. Bxf6 0-0 12. Bxe7 Qxe7 13. Nxd7 Rfd8 14. Ne5 Rxd4 15. Nc6 Qf6 16. Nxd4 Qxd4 17. Rd1 Qf6 18. 0-0 Qg5 19. Ne2 Bg4 20. Qe3 Qxb5 21. Qxe4 1-0